[Event "FRA-chT1 1011"]
[Site "France"]
[Date "2010.11.13"]
[Round "2.5"]
[White "Champ, Gael"]
[Black "Vanderbeeken, Mikael"]
[Result "1/2-1/2"]
[WhiteElo "2087"]
[BlackElo "2138"]
[PlyCount "118"]
[EventDate "2010.10.17"]
[EventType "team-tourn"]
[EventRounds "11"]
[EventCountry "FRA"]
[SourceTitle "EXT 2012"]
[Source "ChessBase"]
[SourceDate "2011.11.24"]
[SourceVersion "1"]
[SourceVersionDate "2011.11.24"]
[SourceQuality "1"]

1. e4 e6 2. d4 d5 3. Nc3 Bb4 4. e5 c5 5. a3 Bxc3+ 6. bxc3 Ne7 7. Nf3 b6 8. a4 Qc7 9. Bb5+ Nec6 10. 0-0 Ba6 11. Bxa6 Nxa6 12. Qe2 Nab8 13. c4 dxc4 14. dxc5 bxc5 15. Qxc4 Nd7 16. Qe4 Rc8 17. Bb2 Rb8 18. Bc3 h6 19. Rfd1 Nb6 20. Qg4 0-0 21. Bd2 Kh8 22. Qh5 f6 23. exf6 Rxf6 24. Bc3 e5 25. Bxe5 Nxe5 26. Nxe5 a5 27. Ra3 Kh7 28. Ng4 Rf4 29. Rg3 Rg8 30. Ne5 Rf6 31. Rg6 Rgf8 32. Rxf6 Rxf6 33. Qe8 Rd6 34. Re1 Qd8 35. Qb5 Rd2 36. Qxc5 Re2 37. Kf1 Rxe1+ 38. Kxe1 Nxa4 39. Qc6 Qe7 40. Qe4+ Kg8 41. f4 Nb6 42. Kd1 Qc5 43. h3 Nd5 44. Qf3 Qd4+ 45. Nd3 a4 46. Qf2 Qa1+ 47. Kd2 Qc3+ 48. Kc1 Qa3+ 49. Kd2 Qc3+ 50. Kc1 Nf6 51. Qe1 Qa1+ 52. Kd2 Qd4 53. Qe6+ Kh7 54. Ke2 a3 55. g4 Nd5 56. Qf5+ Kg8 57. Qe6+ Kh7 58. Qf5+ Kg8 59. Qe6+ Kh7 1/2-1/2

[Event "FRA-chT2 South 0708"]
[Site "France"]
[Date "2008.04.06"]
[Round "11.6"]
[White "Lagunes, Jean Renaud"]
[Black "Vanderbeeken, Mikael"]
[Result "0-1"]
[WhiteElo "2063"]
[BlackElo "2093"]
[PlyCount "86"]
[EventDate "2007.10.21"]
[EventType "team"]
[EventRounds "11"]
[EventCountry "FRA"]
[SourceTitle "EXT 2009"]
[Source "ChessBase"]
[SourceDate "2008.11.26"]
[SourceVersion "1"]
[SourceVersionDate "2008.11.26"]
[SourceQuality "1"]
[WhiteTeam "Echiquier Bordelais"]
[BlackTeam "L'Isle sur la Sorgue"]
[WhiteTeamCountry "FRA"]
[BlackTeamCountry "FRA"]

1. e4 e6 2. d4 d5 3. Nc3 Nf6 4. Bg5 dxe4 5. Nxe4 Nbd7 6. Nxf6+ Nxf6 7. Nf3 h6 8. Bxf6 Qxf6 9. c3 Bd6 10. Bd3 Bd7 11. Qe2 0-0-0 12. 0-0 g5 13. Ne5 Bxe5 14. dxe5 Qf4 15. b4 g4 16. f3 g3 17. h3 Ba4 18. Rfe1 Rd5 19. Be4 Bb5 20. Qe3 Qxe3+ 21. Rxe3 Rd2 22. f4 Rg8 23. Bf3 Ba4 24. Bg4 Kd8 25. Be2 Ke7 26. Kf1 a6 27. Ke1 Rb2 28. Rd3 h5 29. Rd2 Rxd2 30. Kxd2 Bc6 31. Bf1 f6 32. Re1 f5 33. c4 Rd8+ 34. Kc3 h4 35. Rc1 b6 36. Ra1 Be4 37. a3 c5 38. Rc1 Rd4 39. bxc5 bxc5 40. Rc2 Kd7 41. Re2 Rd3+ 42. Kc2 Rf3+ 43. Rxe4 fxe4 0-1

[Event "FRA-chT2 South 0708"]
[Site "France"]
[Date "2007.12.16"]
[Round "4.6"]
[White "Vaklinov, Vasil"]
[Black "Vanderbeeken, Mikael"]
[Result "0-1"]
[WhiteElo "2181"]
[BlackElo "2106"]
[PlyCount "63"]
[EventDate "2007.10.21"]
[EventType "team"]
[EventRounds "11"]
[EventCountry "FRA"]
[SourceTitle "EXT 2009"]
[Source "ChessBase"]
[SourceDate "2008.11.26"]
[SourceVersion "1"]
[SourceVersionDate "2008.11.26"]
[SourceQuality "1"]
[WhiteTeam "Montpellier Diagonale"]
[BlackTeam "L'Isle sur la Sorgue"]
[WhiteTeamCountry "FRA"]
[BlackTeamCountry "FRA"]

1. e4 e6 2. d3 d5 3. Qe2 Nf6 4. Nf3 Be7 5. g3 c5 6. Bg2 Nc6 7. 0-0 0-0 8. e5 Nd7 9. c4 a6 10. h4 b5 11. cxd5 exd5 12. Bf4 Nb6 13. Nbd2 Bg4 14. Qe3 Nb4 15. Rfc1 Bf5 16. Ne1 Rc8 17. a3 Nc6 18. Nef3 Re8 19. d4 Nc4 20. Nxc4 bxc4 21. Rd1 Na5 22. Nd2 Qb6 23. Bxd5 cxd4 24. Qf3 Qg6 25. h5 Qg4 26. Kg2 c3 27. bxc3 dxc3 28. Nb3 Qxf3+ 29. Kxf3 Nxb3 30. Bxb3 c2 31. Re1 Rc3+ 32. Re3 0-1

[Event "FRA-chT2 South 0708"]
[Site "France"]
[Date "2007.11.24"]
[Round "2.4"]
[White "Vanderbeeken, Mikael"]
[Black "Laclau, Daniel"]
[Result "1/2-1/2"]
[WhiteElo "2106"]
[BlackElo "2261"]
[PlyCount "49"]
[EventDate "2007.10.21"]
[EventType "team"]
[EventRounds "11"]
[EventCountry "FRA"]
[SourceTitle "EXT 2009"]
[Source "ChessBase"]
[SourceDate "2008.11.26"]
[SourceVersion "1"]
[SourceVersionDate "2008.11.26"]
[SourceQuality "1"]
[WhiteTeam "L'Isle sur la Sorgue"]
[BlackTeam "Saint Affrique"]
[WhiteTeamCountry "FRA"]
[BlackTeamCountry "FRA"]

1. e4 c5 2. Nf3 e6 3. d4 cxd4 4. Nxd4 a6 5. Bd3 Bc5 6. Nb3 Ba7 7. Qg4 Nf6 8. Qh4 Nc6 9. Bf4 d6 10. 0-0 0-0 11. N1d2 Ne5 12. Bxe5 dxe5 13. Nc4 Qc7 14. Qg5 Nxe4 15. Qxe5 Qxe5 16. Nxe5 Nc5 17. Rad1 Na4 18. Be4 f6 19. Nc4 Rb8 20. Rb1 Nc5 21. Nxc5 Bxc5 22. Rfd1 e5 23. Nd6 g6 24. Nxc8 Rfxc8 25. Rd7 1/2-1/2

[Event "Saint Affrique op 15th"]
[Site "Saint Affrique"]
[Date "2007.??.??"]
[Round "2"]
[White "Iwanesko, Alexandre"]
[Black "Vanderbeeken, Mikael"]
[Result "1-0"]
[WhiteElo "1882"]
[BlackElo "2100"]
[PlyCount "129"]
[EventDate "2007.07.21"]
[EventType "swiss"]
[EventRounds "9"]
[EventCountry "FRA"]
[SourceTitle "CBM 119 Extra"]
[Source "ChessBase"]
[SourceDate "2007.09.04"]
[SourceVersion "1"]
[SourceVersionDate "2007.09.04"]
[SourceQuality "1"]

1. e4 e6 2. d3 d5 3. Nd2 c5 4. Ngf3 Nf6 5. g3 g6 6. Bg2 Bg7 7. 0-0 0-0 8. Re1 Nc6 9. c3 a5 10. h4 h6 11. e5 Nd7 12. d4 cxd4 13. cxd4 f6 14. Qc2 fxe5 15. Qxg6 Rf6 16. Qb1 e4 17. Nh2 Nxd4 18. Nxe4 dxe4 19. Ng4 Nf3+ 20. Bxf3 exf3 21. Qe4 Nc5 22. Qc4 b6 23. b4 Rg6 24. bxc5 Bxa1 25. Qe4 Rxg4 26. Qxg4+ Bg7 27. Bxh6 Qf8 28. Bxg7 Qxg7 29. Qxf3 Ra7 30. cxb6 Rf7 31. Qd3 Qf6 32. Qe3 Bb7 33. Qg5+ Qxg5 34. hxg5 Bd5 35. Re2 Bf3 36. Rxe6 Rd7 37. Kh2 Rb7 38. Rf6 Rh7+ 39. Rh6 Rb7 40. g4 Bxg4 41. Kg3 Bf5 42. Rf6 Bb1 43. a3 Be4 44. f3 Bd5 45. Rd6 Bb3 46. Kf4 Re7 47. Kg4 Be6+ 48. Kg3 Bc4 49. Rc6 Bd5 50. Rc5 Bb7 51. Rxa5 Re3 52. Ra7 Bxf3 53. Kf4 Rb3 54. a4 Bg2 55. a5 Rb5 56. Kg4 Be4 57. Kh5 Rb2 58. Kg4 Rg2+ 59. Kf4 Bd5 60. Ke5 Bc6 61. Rc7 Bf3 62. Kf6 Bg4 63. b7 Rf2+ 64. Kg6 Bf3 65. b8Q# 1-0

[Event "Calvi Balagne op 03rd"]
[Site "Calvi"]
[Date "2006.02.22"]
[Round "4"]
[White "Vanderbeeken, Mikael"]
[Black "Karpatchev, Aleksandr"]
[Result "1/2-1/2"]
[WhiteElo "2092"]
[BlackElo "2530"]
[PlyCount "110"]
[EventDate "2006.02.19"]
[EventType "swiss"]
[EventRounds "9"]
[EventCountry "FRA"]
[SourceTitle "CBM 110 Extra"]
[Source "ChessBase"]
[SourceDate "2006.03.10"]
[SourceVersion "2"]
[SourceVersionDate "2006.03.10"]
[SourceQuality "1"]

1. e4 e5 2. Nf3 Nc6 3. Bc4 Nf6 4. d3 Be7 5. Nc3 d6 6. h3 0-0 7. 0-0 Na5 8. Bb3 Nxb3 9. axb3 c5 10. Bg5 Be6 11. Nh2 h6 12. Bxf6 Bxf6 13. Ng4 Bg5 14. Ne3 g6 15. Ned5 f5 16. f4 exf4 17. Nxf4 Bxf4 18. Rxf4 g5 19. Rf2 f4 20. d4 a6 21. Nd5 Rc8 22. c4 Qe8 23. dxc5 dxc5 24. Qd3 Qf7 25. Rd1 Qg7 26. e5 Bxd5 27. Qxd5+ Qf7 28. e6 Qe7 29. Qe4 Qh7 30. Qxh7+ Kxh7 31. Rd7+ Kg6 32. Rxb7 Rc6 33. Re2 Re8 34. e7 Kf7 35. Kf2 h5 36. Re5 Kf6 37. Rd5 Re6 38. Rxc5 R8xe7 39. Rxe7 Rxe7 40. h4 g4 41. Rxh5 Re3 42. Ra5 Rxb3 43. Rxa6+ Kf5 44. Ra5+ Ke4 45. Rb5 g3+ 46. Kf1 Rd3 47. Rd5 Rb3 48. Rb5 Rd3 49. Rb8 Rd1+ 50. Ke2 Rg1 51. Re8+ Kf5 52. Rf8+ Ke4 53. Re8+ Kf5 54. Rf8+ Ke4 55. Re8+ Kf5 1/2-1/2

[Event "Calvi Balagne op 03rd"]
[Site "Calvi"]
[Date "2006.02.21"]
[Round "3"]
[White "Akkanen, Timo"]
[Black "Vanderbeeken, Mikael"]
[Result "0-1"]
[WhiteElo "2039"]
[BlackElo "2092"]
[PlyCount "98"]
[EventDate "2006.02.19"]
[EventType "swiss"]
[EventRounds "9"]
[EventCountry "FRA"]
[SourceTitle "CBM 110 Extra"]
[Source "ChessBase"]
[SourceDate "2006.03.10"]
[SourceVersion "2"]
[SourceVersionDate "2006.03.10"]
[SourceQuality "1"]

1. Nf3 Nf6 2. b3 d5 3. Bb2 Bg4 4. h3 Bxf3 5. exf3 Nbd7 6. f4 e6 7. g3 c5 8. Bg2 Bd6 9. 0-0 0-0 10. Re1 Qc7 11. Na3 a6 12. Rc1 b5 13. c4 bxc4 14. bxc4 Rab8 15. Qc2 d4 16. Rb1 Qa5 17. d3 Nb6 18. Qe2 Na4 19. Ba1 Nc3 20. Bxc3 Qxa3 21. Ba1 Bc7 22. Qc2 Ba5 23. Red1 Bc7 24. Rb3 Rxb3 25. axb3 Rb8 26. Rb1 a5 27. Bc6 Qb4 28. Bb5 Ne8 29. Bb2 Nd6 30. Ba4 Qb7 31. Qe2 Nf5 32. Re1 Ne7 33. Bc1 Nc6 34. f5 e5 35. Qg4 Nb4 36. f6 g6 37. Qg5 Bd6 38. Rxe5 Bxe5 39. Qxe5 Nxd3 40. Qd6 Nxc1 41. Bc6 Qc8 42. Bd5 Qd8 43. Qe5 Nd3 44. Qg5 Nb4 45. Bf3 Rb6 46. Qxc5 Rxf6 47. Kg2 Rxf3 48. Kxf3 d3 49. Qe3 d2 0-1